[Event "14th IBCA World Chess Championship for Blind 2019"]
[Site "Cagliari"]
[Date "2019.04.07"]
[Round "2"]
[Board "19"]
[White "Pohlers, Juergen"]
[Black "Avram, Sretko"]
[Result "0-1"]
[WhiteElo "1923"]
[BlackElo "2120"]
[PlyCount "90"]
[EventDate "2019.04.06"]
[EventRounds "9"]
[EventCountry "ITA"]

1. d4 d5 2. c4 e6 3. Nc3 Nf6 4. Bg5 Nbd7 5. e3 c6 6. cxd5 exd5 7. Bd3 Be7 8.
Nf3 O-O 9. O-O Ne4 10. Bxe7 Qxe7 11. Qc2 f5 12. Rae1 g6 13. Nd2 Nxd2 14. Qxd2
Nf6 15. f3 Be6 16. e4 dxe4 17. fxe4 fxe4 18. Nxe4 Nxe4 19. Rxe4 Rxf1+ 20. Bxf1
Qd6 21. b3 b5 22. Qe3 Bf5 23. Re8+ Rxe8 24. Qxe8+ Kg7 25. Qe3 Be6 26. d5 Qxd5
27. Qxa7+ Bf7 28. Qe3 Qd6 29. h4 Qf6 30. g3 Qa1 31. Qf2 b4 32. Kh2 Qe5 33. Bg2
c5 34. Bf1 h6 35. Qd2 g5 36. hxg5 hxg5 37. Bg2 Be6 38. Bf3 Kg6 39. Be2 Qh8+ 40.
Kg1 Qd4+ 41. Qxd4 cxd4 42. g4 Kf6 43. Kf2 Ke5 44. Kf3 Bd5+ 45. Kg3 Be4  0-1

[Event "14th IBCA World Chess Championship for Blind 2019"]
[Site "Cagliari"]
[Date "2019.04.07"]
[Round "2"]
[Board "20"]
[White "Dal, Ibrahim"]
[Black "Draganov, Ruslan"]
[Result "0-1"]
[WhiteElo "1606"]
[BlackElo "2162"]
[PlyCount "34"]
[EventDate "2019.04.06"]
[EventRounds "9"]
[EventCountry "ITA"]

1. d4 Nf6 2. Nf3 c5 3. e3 d6 4. c4 Bg4 5. Be2 Nbd7 6. O-O e6 7. Nc3 Be7 8. h3
Bh5 9. b3 O-O 10. Bb2 Ne8 11. Nd2 Bg6 12. Bf3 Rb8 13. Nde4 f5 14. Ng3 a6 15.
Nge2 Bf7 16. Nf4 e5 17. Ng6 hxg6  0-1

[Event "14th IBCA World Chess Championship for Blind 2019"]
[Site "Cagliari"]
[Date "2019.04.07"]
[Round "2"]
[Board "21"]
[White "Mueller, Oliver"]
[Black "Morariu, Ionel"]
[Result "1-0"]
[WhiteElo "2253"]
[BlackElo "1862"]
[PlyCount "95"]
[EventDate "2019.04.06"]
[EventRounds "9"]
[EventCountry "ITA"]

1. d4 Nf6 2. c4 e5 3. dxe5 Ng4 4. Nf3 Bb4+ 5. Nbd2 Nc6 6. a3 Bxd2+ 7. Bxd2
Ngxe5 8. e3 d6 9. Be2 O-O 10. O-O Be6 11. Qc2 Qe7 12. b4 Rab8 13. Rae1 Nxf3+
14. Bxf3 Ne5 15. Be2 f6 16. f4 Nd7 17. Bd3 f5 18. e4 Qf7 19. Rf3 fxe4 20. Bxe4
Nf6 21. Bd3 Rbe8 22. Rfe3 Bd7 23. Bc3 Rxe3 24. Rxe3 Re8 25. Qe2 Rxe3 26. Qxe3
Qe8 27. Qg3 Qe7 28. Bd4 a6 29. Qh4 h6 30. h3 Bc6 31. Qg3 Kf8 32. c5 d5 33. Be5
a5 34. Kh2 axb4 35. axb4 Nd7 36. Bxc7 Nxc5 37. f5 Ne4 38. Bxe4 Qxe4 39. Be5
Qxf5 40. Bxg7+ Kf7 41. Bxh6 Qg6 42. Be3 Qxg3+ 43. Kxg3 Kg6 44. Bd4 Kf5 45. Kf3
Kg5 46. g4 Kh4 47. Kg2 b5 48. Bf6#  1-0

[Event "14th IBCA World Chess Championship for Blind 2019"]
[Site "Cagliari"]
[Date "2019.04.07"]
[Round "2"]
[Board "22"]
[White "Komissarov, Alexey"]
[Black "Patra, Subhendu Kumar"]
[Result "1-0"]
[WhiteElo "2207"]
[BlackElo "1747"]
[PlyCount "49"]
[EventDate "2019.04.06"]
[EventRounds "9"]
[EventCountry "ITA"]

1. d4 Nf6 2. Bf4 g6 3. Nc3 Bg7 4. Qd2 h5 5. O-O-O d6 6. e4 c6 7. Qe1 Qa5 8. e5
dxe5 9. dxe5 Ng4 10. Nf3 b5 11. Nd5 b4 12. Qxb4 Qxd5 13. Rxd5 cxd5 14. Qb5+ Nd7
15. Qxd5 Rb8 16. h3 Nxf2 17. Rg1 Bb7 18. Qd4 Ne4 19. Bb5 Rd8 20. Rd1 Nd6 21.
Bxd7+ Rxd7 22. Qa4 Bxf3 23. gxf3 g5 24. exd6 gxf4 25. dxe7  1-0

[Event "14th IBCA World Chess Championship for Blind 2019"]
[Site "Cagliari"]
[Date "2019.04.07"]
[Round "2"]
[Board "23"]
[White "Aguilar Sevilla, Diego"]
[Black "Deniz, Ugur"]
[Result "0-1"]
[WhiteElo "2124"]
[BlackElo "1871"]
[PlyCount "82"]
[EventDate "2019.04.06"]
[EventRounds "9"]
[EventCountry "ITA"]

1. d4 Nf6 2. Bf4 e6 3. e3 d5 4. Nf3 c5 5. Nbd2 Nc6 6. c3 cxd4 7. exd4 Be7 8.
Bd3 Nh5 9. Be3 Qc7 10. O-O O-O 11. Ne5 Nxe5 12. dxe5 g6 13. Nf3 f6 14. Bd4 f5
15. Re1 Bd7 16. a4 f4 17. a5 Ng7 18. b4 Nf5 19. Qd2 g5 20. h3 h5 21. b5 a6 22.
Bb6 Qc8 23. bxa6 bxa6 24. Nd4 Nh4 25. Bc2 Be8 26. Bb3 g4 27. hxg4 Kg7 28. Bd1
Bg5 29. Nf3 Nxf3+ 30. Bxf3 Kh6 31. gxh5 Bxh5 32. Qe2 Bg6 33. c4 Qxc4 34. Qxc4
dxc4 35. Bxa8 Rxa8 36. f3 c3 37. Bd4 c2 38. Bb2 Rb8 39. Bc1 Rb1 40. Bd2 Kg7 41.
Kf2 Bh4+  0-1

[Event "14th IBCA World Chess Championship for Blind 2019"]
[Site "Cagliari"]
[Date "2019.04.07"]
[Round "2"]
[Board "24"]
[White "Gasperoni, Claudio"]
[Black "Tuka, Oleg"]
[Result "0-1"]
[WhiteElo "1799"]
[BlackElo "2367"]
[PlyCount "78"]
[EventDate "2019.04.06"]
[EventRounds "9"]
[EventCountry "ITA"]

1. d4 Nf6 2. Nf3 e6 3. e3 b6 4. Bd3 Bb7 5. O-O c5 6. Qe2 Be7 7. e4 c4 8. Bxc4
Bxe4 9. Bg5 Bb7 10. Nbd2 O-O 11. Ne5 Nd5 12. Bxd5 Bxd5 13. Bxe7 Qxe7 14. c4 Bb7
15. Rfe1 d6 16. Nef3 Nd7 17. d5 e5 18. Nd4 g6 19. Qg4 Nf6 20. Qg3 Qd7 21. Nb5
Nh5 22. Qa3 Rfd8 23. Ne4 Bxd5 24. cxd5 Qxb5 25. Nxd6 Qxd5 26. Ne4 Kg7 27. Qe7
Rd7 28. Qh4 Qe6 29. g4 Nf6 30. Nxf6 Qxf6 31. g5 Qf5 32. Re3 Rad8 33. Rh3 h5 34.
gxh6+ Kh7 35. Re3 Rd4 36. Qe7 Rg4+ 37. Rg3 Rd2 38. Rf1 Kxh6 39. h3 Rxf2  0-1

[Event "14th IBCA World Chess Championship for Blind 2019"]
[Site "Cagliari"]
[Date "2019.04.07"]
[Round "2"]
[Board "25"]
[White "Johansson, Tage"]
[Black "Chojnowski, Marcin"]
[Result "0-1"]
[WhiteElo "1749"]
[BlackElo "2083"]
[PlyCount "86"]
[EventDate "2019.04.06"]
[EventRounds "9"]
[EventCountry "ITA"]

1. e4 c5 2. Be2 Nc6 3. f4 e6 4. Nf3 d5 5. d3 dxe4 6. dxe4 Qxd1+ 7. Bxd1 Nf6 8.
Nbd2 Be7 9. c3 O-O 10. O-O b6 11. Bc2 Ba6 12. Re1 Rfd8 13. b3 Bd3 14. Bxd3 Rxd3
15. Bb2 Rad8 16. Nc4 Kf8 17. Nce5 Nxe5 18. Nxe5 Rd2 19. Nc4 Rc2 20. Rab1 h5 21.
Ne3 Rcd2 22. Nc4 R2d7 23. Ne5 Rc7 24. h3 h4 25. Bc1 b5 26. c4 b4 27. Nf3 a5 28.
Nxh4 Nxe4 29. Ng6+ fxg6 30. Rxe4 Rd1+ 31. Kf2 Kf7 32. g3 Rcd7 33. Re1 Rxe1 34.
Kxe1 Rd3 35. Kf2 Rd1 36. h4 Bf6 37. Kf3 Bc3 38. Ke2 Rg1 39. Kf3 Bd2 40. Bxd2
Rxb1 41. Be3 Ra1 42. Bxc5 Rxa2 43. Bb6 a4  0-1

[Event "14th IBCA World Chess Championship for Blind 2019"]
[Site "Cagliari"]
[Date "2019.04.07"]
[Round "2"]
[Board "26"]
[White "Hengles, Roberto Carlos"]
[Black "Kishan, Gangolli"]
[Result "0-1"]
[WhiteElo "1740"]
[BlackElo "1950"]
[PlyCount "72"]
[EventDate "2019.04.06"]
[EventRounds "9"]
[EventCountry "ITA"]

1. e4 e6 2. d4 d5 3. Nd2 Nf6 4. e5 Nfd7 5. Bd3 c5 6. c3 Nc6 7. Ngf3 Be7 8. O-O
a5 9. Re1 cxd4 10. cxd4 g5 11. h3 h5 12. g4 hxg4 13. hxg4 Qb6 14. Qa4 Nf8 15.
b4 Qxb4 16. Qxb4 Nxb4 17. Bb1 b6 18. a3 Nc6 19. Bd3 Ba6 20. Bxa6 Rxa6 21. Rb1
Ng6 22. Re3 Nf4 23. Reb3 Bd8 24. Nf1 Ne2+ 25. Kg2 Nexd4 26. Nxd4 Nxd4 27. Rc3
Ne2 28. Rc2 Nxc1 29. Rbxc1 Ra7 30. Ng3 Kd7 31. Nh5 Rc7 32. Nf6+ Kc8 33. Rc6 Kb7
34. Rxc7+ Bxc7 35. a4 Bxe5 36. Nd7 Bd4  0-1

[Event "14th IBCA World Chess Championship for Blind 2019"]
[Site "Cagliari"]
[Date "2019.04.07"]
[Round "2"]
[Board "27"]
[White "Wolanski, Michal"]
[Black "Krishna, Udupa"]
[Result "1-0"]
[WhiteElo "1935"]
[BlackElo "1740"]
[PlyCount "65"]
[EventDate "2019.04.06"]
[EventRounds "9"]
[EventCountry "ITA"]

1. c4 e5 2. g3 Nf6 3. Bg2 d6 4. Nc3 c6 5. d3 Nbd7 6. Nf3 Be7 7. O-O O-O 8. b4
a5 9. b5 cxb5 10. Nxb5 Nc5 11. Be3 Ne6 12. Qc2 Ng4 13. Bd2 Bd7 14. Rab1 Bc6 15.
h3 Nf6 16. Rb2 e4 17. Nfd4 exd3 18. exd3 Bxg2 19. Kxg2 Nc5 20. Nf5 Re8 21. Bf4
Ra6 22. Re1 Ne6 23. Be3 Bf8 24. Reb1 d5 25. c5 Qc8 26. Nbd6 Bxd6 27. Nxd6 Qc6
28. Rb6 Rxb6 29. Rxb6 Qd7 30. Nxe8 Nxe8 31. d4 h6 32. Qb3 Nd8 33. Qb5  1-0

[Event "14th IBCA World Chess Championship for Blind 2019"]
[Site "Cagliari"]
[Date "2019.04.07"]
[Round "2"]
[Board "28"]
[White "Ymeri, Rinor"]
[Black "Vrioni, Bersan"]
[Result "0-1"]
[WhiteElo "1680"]
[BlackElo "1924"]
[PlyCount "148"]
[EventDate "2019.04.06"]
[EventRounds "9"]
[EventCountry "ITA"]

1. e4 e6 2. Nf3 d5 3. exd5 exd5 4. d4 Bd6 5. Nc3 Ne7 6. Bg5 f6 7. Be3 O-O 8.
Bd3 Re8 9. O-O c6 10. Re1 Bf5 11. Nh4 Bxd3 12. Qxd3 Na6 13. a3 Qd7 14. Ne2 Qg4
15. Nf3 Ng6 16. Ng3 Qd7 17. Qf5 Qf7 18. Qd3 Nc7 19. Nf5 Bf8 20. Bd2 Qd7 21. c4
dxc4 22. Qxc4+ Qd5 23. Qxd5+ Nxd5 24. g3 Kf7 25. Ne3 Nge7 26. Nc2 Nf5 27. Ne3
Ndxe3 28. fxe3 Nd6 29. Bb4 g6 30. Bxd6 Bxd6 31. e4 Rad8 32. b4 Bc7 33. Rad1 Rd7
34. e5 fxe5 35. dxe5 Rde7 36. Ng5+ Kg7 37. e6 h6 38. Nf3 Kf6 39. Rf1 Bb6+ 40.
Kg2 Kg7 41. Rd7 Rxd7 42. exd7 Re7 43. Rd1 Bd8 44. Nd4 Kf6 45. Nb3 b6 46. Rd6+
Re6 47. Rd2 Ke7 48. Nd4 Rd6 49. Re2+ Kxd7 50. Nf3 Re6 51. Rd2+ Kc7 52. h4 Bf6
53. g4 c5 54. g5 hxg5 55. hxg5 Be7 56. Rc2 Kd6 57. bxc5+ bxc5 58. Kg3 Re3 59.
Ra2 Bxg5 60. Kf2 Bf4 61. a4 Re4 62. a5 a6 63. Rb2 Rb4 64. Rxb4 cxb4 65. Ke2 Kd5
66. Ne1 Kc4 67. Kd1 Bc7 68. Kc2 Bxa5 69. Kb1 b3 70. Nf3 Bc3 71. Nh4 g5 72. Nf5
a5 73. Ne3+ Kd3 74. Nd1 Bd4  0-1

[Event "14th IBCA World Chess Championship for Blind 2019"]
[Site "Cagliari"]
[Date "2019.04.07"]
[Round "2"]
[Board "29"]
[White "Kaliner, Arik"]
[Black "Casadei, Marco"]
[Result "1-0"]
[WhiteElo "1644"]
[BlackElo "1921"]
[PlyCount "59"]
[EventDate "2019.04.06"]
[EventRounds "9"]
[EventCountry "ITA"]

1. e4 c5 2. d4 cxd4 3. Nf3 Nc6 4. c3 dxc3 5. Nxc3 Nf6 6. Bc4 d6 7. O-O e6 8.
Qe2 Be7 9. Rd1 Qc7 10. Nb5 Qb8 11. Bf4 e5 12. Bg5 a6 13. Bxf6 gxf6 14. Nc3 Bg4
15. Bd5 Nd4 16. Qc4 Nxf3+ 17. gxf3 Bh5 18. Rd3 Ra7 19. Ne2 b5 20. Qc3 Rc7 21.
Qd2 O-O 22. Kh1 Bd8 23. Rg1+ Kh8 24. Qh6 Rg8 25. Rxg8+ Kxg8 26. Qxh5 f5 27. Qh6
Be7 28. Rd1 Bf8 29. Rg1+ Kh8 30. Qf6+  1-0

[Event "14th IBCA World Chess Championship for Blind 2019"]
[Site "Cagliari"]
[Date "2019.04.07"]
[Round "2"]
[Board "31"]
[White "Cizman, Gregor"]
[Black "Ursic, Aleksander"]
[Result "1/2-1/2"]
[WhiteElo "1564"]
[BlackElo "1912"]
[PlyCount "107"]
[EventDate "2019.04.06"]
[EventRounds "9"]
[EventCountry "ITA"]

1. d4 Nf6 2. Nf3 d5 3. Bf4 Bf5 4. c3 Nbd7 5. Nbd2 e6 6. e3 c6 7. Be2 h6 8. h3
b5 9. a3 a5 10. O-O a4 11. Ne5 Nxe5 12. Bxe5 Be7 13. Bf3 Nd7 14. Bh2 O-O 15.
Re1 Re8 16. e4 Bg6 17. Bf4 Nb6 18. Bh5 Bh7 19. Bf3 Bg5 20. Bxg5 Qxg5 21. exd5
exd5 22. Be2 Qf4 23. g3 Qd6 24. Bf1 Kf8 25. Qf3 Re6 26. Rxe6 Qxe6 27. Qe3 Qd7
28. Re1 Rd8 29. Kg2 Nc8 30. Bd3 Bf5 31. g4 Bxd3 32. Qxd3 Nd6 33. Qh7 f6 34. Qd3
Kf7 35. Kg3 Re8 36. Re3 Re6 37. f3 Qc7 38. Kg2 Qb8 39. Rxe6 Kxe6 40. Qe3+ Kd7
41. h4 g5 42. h5 Qf8 43. Kg3 f5 44. Qe5 fxg4 45. fxg4 Nf7 46. Qf5+ Kc7 47. Qf6
Qd6+ 48. Qxd6+ Kxd6 49. Kf3 Nd8 50. Ke3 Ne6 51. Nf1 c5 52. Ng3 cxd4+ 53. cxd4
Ng7 54. Kd3  1/2-1/2

[Event "14th IBCA World Chess Championship for Blind 2019"]
[Site "Cagliari"]
[Date "2019.04.07"]
[Round "2"]
[Board "32"]
[White "Donmez, Unal"]
[Black "Murgia, Stefano"]
[Result "1-0"]
[WhiteElo "1887"]
[BlackElo "1609"]
[PlyCount "89"]
[EventDate "2019.04.06"]
[EventRounds "9"]
[EventCountry "ITA"]

1. e4 e5 2. Nf3 Nc6 3. d4 exd4 4. Nxd4 Nf6 5. Nc3 Bb4 6. Nxc6 bxc6 7. Bd3 d6 8.
O-O h6 9. h3 O-O 10. Qf3 Nd7 11. Qg3 Qf6 12. Bd2 Qg6 13. Qh4 Qf6 14. Qxf6 Nxf6
15. a3 Bc5 16. Na4 Bd4 17. c3 Bb6 18. Rfe1 Nd7 19. Rad1 Nc5 20. Nxb6 axb6 21.
Bc2 Re8 22. f3 f6 23. Be3 Bb7 24. Bxc5 bxc5 25. f4 c4 26. Rd4 Ba6 27. Kf2 Rab8
28. Rb1 c5 29. Rd2 Bb7 30. Re1 Bc6 31. Bb1 Rb6 32. Ree2 Ba4 33. g4 Kf7 34. h4
Bb3 35. h5 Ba4 36. e5 Rd8 37. Bg6+ Kf8 38. exf6 gxf6 39. Re6 Kg7 40. Re7+ Kf8
41. Rde2 Rdb8 42. Rf7+ Kg8 43. Ree7 Rxb2+ 44. Ke3 R2b3 45. Bh7+  1-0

[Event "14th IBCA World Chess Championship for Blind 2019"]
[Site "Cagliari"]
[Date "2019.04.07"]
[Round "2"]
[Board "33"]
[White "Tonteri, Ari"]
[Black "Christensen, Dan"]
[Result "1-0"]
[WhiteElo "1870"]
[BlackElo "1573"]
[PlyCount "63"]
[EventDate "2019.04.06"]
[EventRounds "9"]
[EventCountry "ITA"]

1. e4 e6 2. d4 c5 3. Nf3 Qb6 4. d5 d6 5. Nc3 e5 6. Bd3 Ne7 7. O-O Ng6 8. Na4
Qd8 9. c4 Be7 10. Re1 Nd7 11. a3 b6 12. b4 Nf6 13. Nc3 h5 14. bxc5 bxc5 15. Bg5
a6 16. Rb1 O-O 17. h3 Nxd5 18. Nxd5 Bxg5 19. Be2 h4 20. Kh1 Bf4 21. Ng1 Bh6 22.
Bg4 f5 23. exf5 Bxf5 24. Bxf5 Rxf5 25. Qg4 Qg5 26. Qe4 Rd8 27. Nf3 Qh5 28. Rb6
a5 29. Ra6 Nf4 30. Qxf5 Qe8 31. Rxa5 Qc6 32. Ne7+  1-0

[Event "14th IBCA World Chess Championship for Blind 2019"]
[Site "Cagliari"]
[Date "2019.04.07"]
[Round "2"]
[Board "34"]
[White "Tishuki, Daut"]
[Black "Aryan, B Joshi"]
[Result "0-1"]
[WhiteElo "1547"]
[BlackElo "1864"]
[PlyCount "58"]
[EventDate "2019.04.06"]
[EventRounds "9"]
[EventCountry "ITA"]

1. d4 Nf6 2. c4 g6 3. Nc3 Bg7 4. Nf3 d6 5. e3 O-O 6. Be2 Nbd7 7. O-O e5 8. Qc2
Qe7 9. Bd3 Re8 10. dxe5 Nxe5 11. Nxe5 dxe5 12. Ne4 Nxe4 13. Bxe4 c6 14. Rb1 Qg5
15. f4 exf4 16. exf4 Qh4 17. g3 Qe7 18. Bd3 Bh3 19. Rd1 Bd4+ 20. Kh1 Qe1+ 21.
Bf1 Bf5 22. Rxe1 Bxc2 23. Bd2 Bxb1 24. Rxb1 Rad8 25. b3 Rd7 26. Bh3 Rde7 27. f5
Re2 28. Rd1 Rf2 29. fxg6 Ree2  0-1

[Event "14th IBCA World Chess Championship for Blind 2019"]
[Site "Cagliari"]
[Date "2019.04.07"]
[Round "2"]
[Board "35"]
[White "Began, Branko"]
[Black "Selcuk, Umit"]
[Result "1/2-1/2"]
[WhiteElo "1862"]
[BlackElo "1555"]
[PlyCount "56"]
[EventDate "2019.04.06"]
[EventRounds "9"]
[EventCountry "ITA"]

1. d4 d5 2. Nf3 Nf6 3. c4 e6 4. e3 Be7 5. Nc3 O-O 6. Qc2 Nbd7 7. Bd3 dxc4 8.
Bxc4 a6 9. O-O b5 10. Bd3 c5 11. b3 cxd4 12. exd4 Bb7 13. Qe2 Rc8 14. Bb2 Qb6
15. Rfd1 Rfd8 16. Ne5 Bd6 17. Nxd7 Rxd7 18. Ne4 Nxe4 19. Bxe4 Rdc7 20. Rac1 h6
21. Rxc7 Qxc7 22. Bxb7 Qxb7 23. g3 Qd5 24. Qd3 Be7 25. Qb1 Bf6 26. Rc1 Rc6 27.
Rxc6 Qxc6 28. Qc1 Qd5 {... 45 moves}  1/2-1/2

[Event "14th IBCA World Chess Championship for Blind 2019"]
[Site "Cagliari"]
[Date "2019.04.07"]
[Round "2"]
[Board "36"]
[White "Deville, Olivier"]
[Black "Zenini, Simone"]
[Result "1-0"]
[WhiteElo "1858"]
[BlackElo "1435"]
[PlyCount "47"]
[EventDate "2019.04.06"]
[EventRounds "9"]
[EventCountry "ITA"]

1. d4 Nf6 2. c4 g6 3. Nc3 Bg7 4. e4 d6 5. Be2 O-O 6. Bg5 e5 7. dxe5 dxe5 8.
Qxd8 Rxd8 9. Nd5 Nbd7 10. Rd1 Rf8 11. Nxc7 Rb8 12. f3 h6 13. Be3 b6 14. Bd3 Ne8
15. Nxe8 Rxe8 16. Ne2 Kh8 17. O-O Nf8 18. Nc3 f5 19. Bb1 fxe4 20. Bxe4 Bf5 21.
Rd6 Bxe4 22. fxe4 Rbc8 23. b3 Re6 24. Rxf8+  1-0

[Event "14th IBCA World Chess Championship for Blind 2019"]
[Site "Cagliari"]
[Date "2019.04.07"]
[Round "2"]
[Board "37"]
[White "Dayan, Itay"]
[Black "Badano, Giancarlo"]
[Result "0-1"]
[WhiteElo "1409"]
[BlackElo "1857"]
[PlyCount "106"]
[EventDate "2019.04.06"]
[EventRounds "9"]
[EventCountry "ITA"]

1. e4 e5 2. Nf3 Nc6 3. Nc3 Bc5 4. Nxe5 Nxe5 5. d4 Bd6 6. dxe5 Bxe5 7. Bc4 Bxc3+
8. bxc3 d6 9. O-O Be6 10. Bxe6 fxe6 11. Qh5+ Kd7 12. Qb5+ Kc8 13. Rb1 b6 14.
Qc6 Rb8 15. Rd1 Qd7 16. Qc4 Ne7 17. Bf4 Kb7 18. Rb3 Nc6 19. Ra3 Ka8 20. Qb5
Rhd8 21. Bg5 Rf8 22. Rd4 Rf7 23. Rc4 Na5 24. Qa6 Rb7 25. Rca4 c5 26. c4 Nc6 27.
Rb3 Nb4 28. Qb5 Qxb5 29. cxb5 Nxc2 30. Rc4 Nd4 31. Rb2 Rbd7 32. Be3 d5 33. exd5
exd5 34. Rc1 Ne6 35. a4 d4 36. Bd2 Nf4 37. Ra1 Nd3 38. Rbb1 Rxf2 39. Be1 Re2
40. a5 Rxe1+ 41. Rxe1 Nxe1 42. Rxe1 bxa5 43. Ra1 d3 44. Kf1 Kb7 45. Rxa5 Kb6
46. Ra1 Kxb5 47. Ke1 c4 48. Rb1+ Kc5 49. Kd2 Kd4 50. Rb4 Re7 51. Kd1 Kc3 52.
Rb1 d2 53. Rb5 Re1#  0-1

[Event "14th IBCA World Chess Championship for Blind 2019"]
[Site "Cagliari"]
[Date "2019.04.07"]
[Round "2"]
[Board "38"]
[White "Holmela, Kari"]
[Black "Morelli, Daniel"]
[Result "1-0"]
[WhiteElo "1840"]
[BlackElo "1382"]
[PlyCount "75"]
[EventDate "2019.04.06"]
[EventRounds "9"]
[EventCountry "ITA"]

1. e4 e6 2. d4 d5 3. Nc3 Nf6 4. Bg5 Be7 5. e5 Nfd7 6. Bxe7 Qxe7 7. Nf3 a6 8.
Bd3 c5 9. dxc5 Nxe5 10. Nxe5 Qxc5 11. Qh5 Qe7 12. O-O Nc6 13. Nxc6 bxc6 14.
Rfe1 Bd7 15. Qe2 h6 16. Bxa6 Bc8 17. Bd3 Qa7 18. b4 O-O 19. a4 Bd7 20. a5 Qd4
21. Qd2 Qxb4 22. Reb1 Qc5 23. Nd1 d4 24. f4 f6 25. Nf2 e5 26. Ne4 Qe7 27. fxe5
fxe5 28. Rb7 Rfd8 29. Bc4+ Kh8 30. Rf1 Rf8 31. Rxf8+ Rxf8 32. a6 Qd8 33. a7 Qa8
34. Rxd7 c5 35. Bd5 Qc8 36. a8=Q Qxa8 37. Bxa8 Rxa8 38. Nxc5  1-0

[Event "14th IBCA World Chess Championship for Blind 2019"]
[Site "Cagliari"]
[Date "2019.04.07"]
[Round "2"]
[Board "39"]
[White "L`Herbon De Lussats, Jean"]
[Black "Prpic, Milan"]
[Result "0-1"]
[WhiteElo "1312"]
[BlackElo "1829"]
[PlyCount "116"]
[EventDate "2019.04.06"]
[EventRounds "9"]
[EventCountry "ITA"]

1. e4 e6 2. c4 c5 3. Nf3 Nc6 4. d3 Nf6 5. Be3 d6 6. Nc3 Be7 7. d4 cxd4 8. Nxd4
a6 9. a3 Qc7 10. b4 Ne5 11. Qb3 Bd7 12. b5 Rc8 13. b6 Qd8 14. a4 Nfg4 15. Nd1
Nxe3 16. Nxe3 Bf6 17. Be2 Nc6 18. Nxc6 Bxc6 19. Rd1 Bxe4 20. O-O O-O 21. Bd3
Bxd3 22. Rxd3 Rc6 23. a5 Rc5 24. Qa4 Be7 25. Rfd1 Qe8 26. Qb4 Qc6 27. g3 h5 28.
h4 Rc8 29. Rd4 Re5 30. Qd2 g6 31. f4 Rc5 32. Kf2 Qa4 33. g4 hxg4 34. Nxg4 Qxa5
35. Nh6+ Kg7 36. f5 Qxd2+ 37. R1xd2 Kxh6 38. fxe6 fxe6 39. Rc2 R8c6 40. Re4 e5
41. Ke3 Rxb6 42. Rf2 Rb3+ 43. Ke2 Rb2+ 44. Kf3 Rxf2+ 45. Kxf2 Kh5 46. Kg3 Ra5
47. c5 Rxc5 48. Rb4 Rc3+ 49. Kg2 Bxh4 50. Rxb7 Kg4 51. Rb2 d5 52. Rb6 Rc2+ 53.
Kf1 g5 54. Rxa6 Bg3 55. Ra3 e4 56. Re3 d4 57. Rxe4+ Kf3 58. Rxd4 Rc1+  0-1

[Event "14th IBCA World Chess Championship for Blind 2019"]
[Site "Cagliari"]
[Date "2019.04.07"]
[Round "2"]
[Board "40"]
[White "Wikman, Bengt"]
[Black "Atterberg, David"]
[Result "1-0"]
[WhiteElo "1806"]
[BlackElo "1109"]
[PlyCount "41"]
[EventDate "2019.04.06"]
[EventRounds "9"]
[EventCountry "ITA"]

1. e4 c5 2. b3 e6 3. Bb2 b6 4. Ne2 Bb7 5. Ng3 d6 6. Bb5+ Nd7 7. O-O Be7 8. Bxg7
Bf6 9. Bxh8 Bxh8 10. c3 a6 11. Be2 Ngf6 12. f4 Nxe4 13. Nxe4 Bxe4 14. Bf3 Bxf3
15. Qxf3 d5 16. Na3 Qc7 17. Rae1 O-O-O 18. f5 Re8 19. fxe6 fxe6 20. Qf7 Be5 21.
Qxe8+  1-0

[Event "14th IBCA World Chess Championship for Blind 2019"]
[Site "Cagliari"]
[Date "2019.04.08"]
[Round "3"]
[Board "1"]
[White "Pribeanu, Mihail-Dacian"]
[Black "Tazbir, Marcin"]
[Result "1/2-1/2"]
[WhiteElo "2198"]
[BlackElo "2540"]
[PlyCount "43"]
[EventDate "2019.04.06"]
[EventRounds "9"]
[EventCountry "ITA"]

1. e4 c5 2. d3 Nc6 3. g3 g6 4. Bg2 Bg7 5. f4 d6 6. Nh3 e6 7. O-O Nge7 8. c3 O-O
9. Be3 Rb8 10. Nd2 b6 11. Bf2 h6 12. Nf3 e5 13. Nh4 d5 14. Qf3 exf4 15. gxf4 d4
16. c4 Qd7 17. Bg3 f5 18. exf5 gxf5 19. a3 b5 20. b3 Na5 21. Qd1 Bb7 22. Nf3
 1/2-1/2

[Event "14th IBCA World Chess Championship for Blind 2019"]
[Site "Cagliari"]
[Date "2019.04.08"]
[Round "3"]
[Board "2"]
[White "Smirnov, Alexey"]
[Black "Stachanczyk, Jacek"]
[Result "1-0"]
[WhiteElo "2451"]
[BlackElo "2163"]
[PlyCount "153"]
[EventDate "2019.04.06"]
[EventRounds "9"]
[EventCountry "ITA"]

1. d4 d5 2. c4 c6 3. Nc3 Nf6 4. e3 Bf5 5. cxd5 cxd5 6. Qb3 Qd7 7. Nf3 e6 8. Ne5
Qc7 9. Bb5+ Nbd7 10. g4 Bg6 11. g5 a6 12. Qa4 Qd8 13. gxf6 axb5 14. Qxb5 Qc7
15. fxg7 Bxg7 16. Nxg6 hxg6 17. h3 Bf6 18. Bd2 O-O 19. Rc1 Qd8 20. a4 Bh4 21.
b3 Nf6 22. Qe2 Kg7 23. Kd1 Rc8 24. Nb5 Ne4 25. Be1 Rxc1+ 26. Kxc1 Nd6 27. Bb4
Be7 28. Bxd6 Bxd6 29. Kb2 Rh8 30. h4 Rh5 31. Nxd6 Qxd6 32. f4 Qb4 33. Qe1 Qb6
34. Rg1 Rh8 35. Rg5 Kf6 36. h5 Kg7 37. Qg1 Qb4 38. hxg6 Qd2+ 39. Ka3 f6 40. Rg2
Qc3 41. Qd1 Rc8 42. Rh2 b5 43. Rh7+ Kg8 44. Rh8+ Kg7 45. Rxc8 b4+ 46. Ka2 Qxc8
47. Qd2 Kxg6 48. Kb2 Qb7 49. Qc2+ Kh5 50. f5 exf5 51. Qxf5+ Kh4 52. Qxf6+ Kg3
53. Qf1 Qe7 54. Qg1+ Kf3 55. Qh1+ Kg4 56. Qg2+ Kh4 57. Qxd5 Qxe3 58. Qd8+ Kg4
59. Qc8+ Kh4 60. Qh8+ Kg4 61. Qg7+ Kh4 62. Qh7+ Kg5 63. Qg7+ Kh4 64. Qh7+ Kg5
65. Qg8+ Kh4 66. Qc4 Qd2+ 67. Qc2 Qxd4+ 68. Ka2 Kg5 69. a5 Qd6 70. Qf2 Kh5 71.
Qe2+ Kg5 72. a6 Qd4 73. Kb1 Kh6 74. Qc4 Qb6 75. Kc2 Kg5 76. Kd3 Kf5 77. Qe4+
 1-0

[Event "14th IBCA World Chess Championship for Blind 2019"]
[Site "Cagliari"]
[Date "2019.04.08"]
[Round "3"]
[Board "3"]
[White "Adiyaman, Rene"]
[Black "Babarykin, Stanislav"]
[Result "1/2-1/2"]
[WhiteElo "2195"]
[BlackElo "2401"]
[PlyCount "36"]
[EventDate "2019.04.06"]
[EventRounds "9"]
[EventCountry "ITA"]

1. e4 c6 2. d4 d5 3. exd5 cxd5 4. c4 Nf6 5. Nc3 Nc6 6. Nf3 Be6 7. c5 g6 8. Bb5
Bg7 9. O-O Qc7 10. Re1 O-O 11. h3 Rad8 12. Bg5 Bf5 13. Bh4 Rfe8 14. Bg3 Qc8 15.
Qa4 Ne4 16. Bf4 Bxh3 17. gxh3 Qxh3 18. Nh2 Bxd4  1/2-1/2

[Event "14th IBCA World Chess Championship for Blind 2019"]
[Site "Cagliari"]
[Date "2019.04.08"]
[Round "3"]
[Board "4"]
[White "Nizam, Rasim"]
[Black "Dimic, Pavle"]
[Result "1/2-1/2"]
[WhiteElo "2166"]
[BlackElo "2333"]
[PlyCount "43"]
[EventDate "2019.04.06"]
[EventRounds "9"]
[EventCountry "ITA"]

1. e4 c5 2. Nf3 d6 3. d4 cxd4 4. Nxd4 Nf6 5. Nc3 Nc6 6. Be3 e5 7. Nf3 h6 8. Bc4
Be7 9. O-O O-O 10. Qe2 Na5 11. Bb3 Nxb3 12. axb3 a6 13. Rfd1 Bd7 14. Nd2 b5 15.
b4 Qc7 16. Nb3 Rfc8 17. Qd3 Be6 18. Na5 Bc4 19. Nxc4 bxc4 20. Qd2 Qb7 21. Nd5
Nxd5 22. exd5 $11  1/2-1/2